Central Library OPAC University of Rajshahi

পিতি-পুরুষ / (Record no. 57802)

MARC details
000 -LEADER
fixed length control field 00766nam a2200217 a 4500
001 - CONTROL NUMBER
control field 57802
003 - CONTROL NUMBER IDENTIFIER
rucl marc code BD-RjUL
005 - DATE AND TIME OF LATEST TRANSACTION
control field 20211209080544.0
008 - FIXED-LENGTH DATA ELEMENTS--GENERAL INFORMATION
fixed length control field 161211s2015 bg ||||| |||| 00| 0 ben d
020 ## - INTERNATIONAL STANDARD BOOK NUMBER
International Standard Book Number 9849849093206
Terms of availability : Tk. 200.00
035 ## - SYSTEM CONTROL NUMBER
System control number (BD-RjUL) 57926
040 ## - CATALOGING SOURCE
Original cataloging agency BD-RjUL
Language of cataloging ben
Transcribing agency BD-RjUL
041 ## - LANGUAGE CODE
Language code of text/sound track or separate title ben
082 ## - DEWEY DECIMAL CLASSIFICATION NUMBER
Edition number 23
Author mark and year SAP 2015
Classification number 891.443
100 1# - MAIN ENTRY--PERSONAL NAME
Personal name সরকার, আবদুল মান্নান.
9 (RLIN) 170514
245 10 - TITLE STATEMENT
Title পিতি-পুরুষ /
Statement of responsibility, etc. আবদুল মান্নান সরকার
260 ## - PUBLICATION, DISTRIBUTION, ETC. (IMPRINT)
Place of publication, distribution, etc. ঢাকা :
Name of publisher, distributor, etc. মনন প্রকাশ,
Date of publication, distribution, etc. ২০১৫
300 ## - PHYSICAL DESCRIPTION
Pagination ১২৭ পৃ ;
Size ২০ সেমি.
650 ## - SUBJECT ADDED ENTRY--TOPICAL TERM
Topical term or geographic name as entry element বাংলা উপন্যাস
General subdivision Bangali fiction
9 (RLIN) 171654
942 ## - ADDED ENTRY ELEMENTS (KOHA)
Source of classification or shelving scheme Dewey Decimal Classification
Koha item type Books
Holdings
Lost status Source of classification or shelving scheme Damaged status Not for loan Collection code Permanent Location Current Location Shelving location Date acquired Source of acquisition Cost, normal purchase price Total Checkouts Full call number Date last seen Copy number Koha item type
  Dewey Decimal Classification   Not For Loan Fiction Central Library, University of Rajshahi Central Library, University of Rajshahi Reading Room 14/11/2016 Dhaka monnon prokashoni 200.00   891.443 SAP 2015 12/12/2016 C-1 Books
  Dewey Decimal Classification     Fiction Central Library, University of Rajshahi Central Library, University of Rajshahi   14/11/2016 Dhaka monnon prokashoni 200.00   B 891.443 SAP 2015 12/12/2016 C-2 Books
  Dewey Decimal Classification     Fiction Central Library, University of Rajshahi Central Library, University of Rajshahi   14/11/2016 Dhaka monnon prokashoni 200.00   B 891.443 SAP 2015 12/12/2016 C-3 Books